[Event "GRE-ch U10"]
[Site "Chania"]
[Date "2003.04.22"]
[Round "5"]
[White "Diktapanidis, St"]
[Black "Pavlidis, Antonios"]
[Result "1-0"]
[WhiteElo "1325"]
[BlackElo "1405"]
[PlyCount "105"]
[EventDate "2003.04.??"]
[EventType "swiss"]
[EventRounds "7"]
[EventCountry "GRE"]
[SourceTitle "EXT 2005"]
[Source "ChessBase"]
[SourceDate "2004.11.15"]
[SourceVersion "1"]
[SourceVersionDate "2004.11.15"]
[SourceQuality "1"]

1. Nf3 e6 2. g3 f5 3. Bg2 Nf6 4. d4 g6 5. 0-0 Bg7 6. c4 0-0 7. Nc3 b6 8. Ne5 c6 9. Bf4 Bb7 10. c5 Nh5 11. b4 Nxf4 12. gxf4 bxc5 13. bxc5 d6 14. cxd6 Qxd6 15. Rb1 Qc7 16. Qb3 Bxe5 17. Qxe6+ Rf7 18. Qxe5 Qd8 19. d5 cxd5 20. Rxb7 Rxb7 21. Qxd5+ Qxd5 22. Bxd5+ Rf7 23. Bxa8 Rc7 24. Bd5+ Kf8 25. Rc1 Nd7 26. e3 Nb6 27. Bb3 a5 28. Ne2 Rxc1+ 29. Nxc1 a4 30. Bd1 Ke7 31. Kf1 Kd6 32. Ne2 Kc5 33. Nd4 Kb4 34. Ne6 h6 35. Nf8 g5 36. fxg5 hxg5 37. Ne6 g4 38. Nd4 Ka3 39. Nxf5 Kxa2 40. Bxa4 Nxa4 41. Nh6 Kb3 42. Nxg4 Kc4 43. h4 Kd5 44. h5 Ke6 45. h6 Kf7 46. Kg2 Nc5 47. f4 Ne6 48. Kf3 Nf8 49. e4 Ke6 50. f5+ Kf7 51. e5 Nh7 52. Kf4 Ke7 53. Nf6 1-0